<?xml version="1.0" encoding="UTF-8"?><?xml-stylesheet type="text/xsl" href="static/style.xsl"?><OAI-PMH xmlns="http://www.openarchives.org/OAI/2.0/" xmlns:xsi="http://www.w3.org/2001/XMLSchema-instance" xsi:schemaLocation="http://www.openarchives.org/OAI/2.0/ http://www.openarchives.org/OAI/2.0/OAI-PMH.xsd"><responseDate>2026-06-06T17:51:04Z</responseDate><request verb="GetRecord" identifier="oai:riuma.uma.es:10630/30887" metadataPrefix="marc">https://riuma.uma.es/rest/oai/request</request><GetRecord><record><header><identifier>oai:riuma.uma.es:10630/30887</identifier><datestamp>2026-02-03T11:06:42Z</datestamp><setSpec>com_10630_2254</setSpec><setSpec>col_10630_37953</setSpec></header><metadata><record xmlns="http://www.loc.gov/MARC21/slim" xmlns:dcterms="http://purl.org/dc/terms/" xmlns:doc="http://www.lyncode.com/xoai" xmlns:xsi="http://www.w3.org/2001/XMLSchema-instance" xsi:schemaLocation="http://www.loc.gov/MARC21/slim http://www.loc.gov/standards/marcxml/schema/MARC21slim.xsd">
   <leader>00925njm 22002777a 4500</leader>
   <datafield ind2=" " ind1=" " tag="042">
      <subfield code="a">dc</subfield>
   </datafield>
   <datafield ind2=" " ind1=" " tag="720">
      <subfield code="a">Fernández-Morales, Antonio</subfield>
      <subfield code="e">author</subfield>
   </datafield>
   <datafield ind2=" " ind1=" " tag="720">
      <subfield code="a">McCabe, Scott</subfield>
      <subfield code="e">author</subfield>
   </datafield>
   <datafield ind2=" " ind1=" " tag="720">
      <subfield code="a">Cisneros-Martínez, José David</subfield>
      <subfield code="e">author</subfield>
   </datafield>
   <datafield ind2=" " ind1=" " tag="260">
      <subfield code="c">2023-10-05</subfield>
   </datafield>
   <datafield ind2=" " ind1=" " tag="520">
      <subfield code="a">Unpredictable external shocks exacerbate the negative effects usually attributed to cyclical seasonality. Two such recent shocks, the Global Financial Crisis and the COVID-19 pandemic, shifted debates from crisis management toward concerns for greater resilience in visitor economies. Social tourism is an effective stimulus to destination economies and ameliorates some negative effects of seasonality, but there is little evidence on its contributions to greater destination resilience. Furthermore, resilience, a relatively new concept, is poorly defined. We establish a conceptual link between seasonality and resilience through a holistic multivariate analysis of supply, demand and employment patterns. An empirical study examines resilience longitudinally using municipal-level data, applying multivariate analysis and innovative visualization techniques, and assesses how, where and to what degree the Imserso social tourism program has contributed to the greater resilience of Spanish destinations, demonstrating its effectiveness in contributing to resilience in those which are more vulnerable due to high seasonal imbalances.</subfield>
   </datafield>
   <datafield ind1="8" ind2=" " tag="024">
      <subfield code="a">Fernández-Morales, A., McCabe, S., &amp; Cisneros-Martínez, J. D. (2023). Is Social Tourism a Vector for Destination Resilience to External Shocks? Evidence From Spain. Journal of Travel Research.  First published online.</subfield>
   </datafield>
   <datafield ind1="8" ind2=" " tag="024">
      <subfield code="a">https://hdl.handle.net/10630/30887</subfield>
   </datafield>
   <datafield ind1="8" ind2=" " tag="024">
      <subfield code="a">10.1177/00472875231200493</subfield>
   </datafield>
   <datafield tag="653" ind2=" " ind1=" ">
      <subfield code="a">Turismo social</subfield>
   </datafield>
   <datafield tag="653" ind2=" " ind1=" ">
      <subfield code="a">Desigualdad social</subfield>
   </datafield>
   <datafield tag="653" ind2=" " ind1=" ">
      <subfield code="a">Crisis económicas</subfield>
   </datafield>
   <datafield ind2="0" ind1="0" tag="245">
      <subfield code="a">Is social tourism a vector for destination resilience to external shocks? Evidence from Spain.</subfield>
   </datafield>
</record>
</metadata></record></GetRecord></OAI-PMH>